Formalismo y estructuralismo: la actual crítica literaria italiana
Salvato in:
| Autore principale: | |
|---|---|
| Natura: | Libro |
| Lingua: | spagnolo |
| Pubblicazione: |
Madrid
Cátedra
1974
|
| Soggetti: | |
| Tags: |
Aggiungi Tag
Nessun Tag, puoi essere il primo ad aggiungerne!!
|
MARC
| LEADER | 00000nam a2200000 a 4500 | ||
|---|---|---|---|
| 001 | UCW8585 | ||
| 003 | CL-VaPUC | ||
| 008 | 881006e19740000SP |||||||||||||||||spa|d | ||
| 082 | 0 | 4 | |a 850.9 |b DAR |2 21 |
| 100 | 0 | |a D'Arco Avalle, Silvio |e author |9 313800 | |
| 245 | 1 | 0 | |a Formalismo y estructuralismo: la actual crítica literaria italiana |
| 300 | |a 261 p | ||
| 942 | |c BK | ||
| 945 | |d 19881006 00:00:00 | ||
| 260 | |a Madrid |b Cátedra |c 1974 | ||
| 650 | 0 | |a Crítica literaria |9 269189 | |
| 650 | 7 | |a ESTRUCTURALISMO ANALISIS LITERARIO |2 CL-VaPUC |9 266031 | |
| 651 | 0 | |a Italia |9 254949 | |
| 583 | |a last modification |c 19881006 00:00:00 |k Rodrigo Vera | ||
| 999 | |c 220917 |d 220915 | ||
| 952 | |0 0 |1 0 |4 0 |6 850_900000000000000_DAR_1974 |7 0 |8 A |9 213735 |a BIBEDU |b BIBEDU |d 2019-11-15 |i 2820404 |o 850.9 DAR 1974 |p 2820404 |r 2019-11-15 |w 2019-11-15 |y BK |k LIT | ||